1591 1693 1945 1365 1655 1832 1426 1990 1855 1055 1492 1032 1449 1223 1750 1967 1772 1259 1338 1726 1617 1740 1961 1072 1783 1016 1451 1249 1117 1292 1422 1206 1919 1910 1089 1249 1193 1749 1719 1969 1949 1777 1033 1298 1499 1016 1850 1115 1688 1023 1661 1484 1262 1006 1053 1482 1960 1400 1285 1143 1289 1706 1381 1907 1846 1847 1203 1360 1564 1447 1341 1619 1187 1294 1718 1256 1597 1146 1783 1047 1984 1134 1225 1654 1861 1406 1029 1504 1044 1690 1236 1771 1908 1811 1971 1319 1753 1142 1949 BCNSPRNW ULIB Ver.6.0+V

เปลี่ยนเป็นภาษาไทย

Change to English
 แสดงรายละเอียดบรรณานุกรม
  กลับหน้าหลัก

Brief Record : Get Marc (ISO 2709) : E-mail record : QR code < ปิดหน้าต่าง
LEADER : 00000nam 2200000uu 4500
001    13399115170
003     ULIB
008    120716s2549||||th 000 0 tha d
020    9744914092
050  4 BQ4570.L5^bช616ว
100 0  ชุติปัญโญ
245 00 วันเวลาผ่านไปใจของเราล่ะ^cชุติปัญโญ
260    กรุงเทพฯ:^bใยใหม,^c2549
945    ^p140^l0^i16197
999 ^a ใช้งานได้ทุกระบบ
รายการนี้ยังไม่มีแท็ก
คุณยังไม่ได้ล็อกอิน คุณสามารถมีกิจกรรมร่วมกับเว็บไซต์ได้ แต่ต้องล็อกอินก่อน ::
  ล็อกอิน

รายการสื่อสารสนเทศ

ลำดับที่ ประเภท เลขเรียก/บาร์โค้ด สถานที่ สถานะ
- ไม่พบข้อมูล -

รายการใกล้เคียง
    ผู้แต่ง [ชุติปัญโญ]

BibComment


ยังไม่เคยถูกคอมเมนท์

คอมเมนท์ทรัพยากรรายการนี้
  คอมเมนท์: วันเวลาผ่านไปใจขอ..


 Copyright 2026. Bcnsprnw @Library